Statistiques concernant Liste des chefs d'états dans le monde

Cliquez ici pour prendre le quiz!

Statistiques générales

  • Ce quiz a été pris 207 fois
  • Le résultat moyen est 26 sur 193

Statistiques - réponses

HintRéponse% Correct
FranceEmmanuel Macron
96%
Etats-UnisJoe Biden
83%
RussieVladimir Poutine
79%
UruguayLuis Alberto Lacalle Pou
72%
ItalieGiorgia Meloni
64%
AllemagneOlaf Scholz
62%
UkraineVolodymyr Zelensky
62%
BrésilLuiz Inácio Lula da Silva
60%
Royaume-UniRishi Sunak
60%
ChineXi Jinping
60%
CanadaJustin Trudeau
57%
Corée du NordKim Jong-un
57%
MarocMohammed VI
55%
EspagnePedro Sánchez
55%
HongrieViktor Orbán
53%
TurquieRecep Tayyip Erdoğan
51%
AlbanieEdi Rama
49%
ArgentineJavier Milei
49%
VaticanFrançois
47%
ÉgypteAbdel Fattah al-Sissi
45%
IsraëlBenyamin Netanyahou
45%
MonacoAlbert II de Monaco
40%
BiélorussieAlexandre Loukachenko
40%
Afrique du SudCyril Ramaphosa
40%
PologneDonald Tusk
40%
IndeNarendra Modi
40%
SyrieBachar el-Assad
36%
VenezuelaNicolás Maduro
36%
MexiqueAndrés Manuel López Obrador
34%
Arabie SaouditeMohammed ben Salmane
34%
RwandaPaul Kagame
34%
AlgérieAbdelmadjid Tebboune
32%
BelgiqueAlexander De Croo
32%
AustralieAnthony Albanese
32%
Pays-BasMark Rutte
32%
JaponFumio Kishida
30%
IranAli Khamenei
28%
République démocratique du CongoFélix Tshisekedi
28%
IndonésieJoko Widodo
28%
DanemarkMette Frederiksen
26%
Côte d'IvoireAlassane Ouattara
21%
GuyanaIrfaan Ali
21%
GrèceKyriákos Mitsotákis
21%
HondurasXiomara Castro
21%
TunisieKaïs Saïed
19%
SénégalMacky Sall
19%
CamerounPaul Biya
19%
ColombieGustavo Petro
17%
EstonieKaja Kallas
17%
AutricheKarl Nehammer
17%
LuxembourgLuc Frieden
17%
SlovaquieRobert Fico
17%
JordanieAbdallah II
15%
ÉthiopieAbiy Ahmed
15%
SalvadorClaudia Rodríguez de Guevara
15%
ChiliGabriel Boric
15%
PortugalMarcelo Rebelo de Sousa
15%
PhilippinesFerdinand Marcos Jr.
13%
LibériaGeorge Weah
13%
AzerbaïdjanIlham Aliyev
13%
FinlandePetteri Orpo
13%
TaïwanTsai Ing-wen
13%
SlovénieRobert Golob
11%
QatarTamim ben Hamad Al Thani
11%
Corée du SudYoon Suk-yeol
11%
LiechtensteinAlois de Liechtenstein
9%
MadagascarAndry Rajoelina
9%
NicaraguaDaniel Ortega
9%
République du CongoDenis Sassou-Nguesso
9%
LettonieEvika Siliņa
9%
TogoFaure Gnassingbé
9%
Burkina FasoIbrahim Traoré
9%
AngolaJoão Lourenço
9%
IrlandeLeo Varadkar
9%
CubaMiguel Díaz-Canel
9%
ArménieNikol Pachinian
9%
BéninPatrice Talon
9%
République TchèquePetr Fiala
9%
MalteRobert Abela
9%
Guinée équatorialeTeodoro Obiang Nguema Mbasogo
9%
KenyaWilliam Ruto
9%
SerbieAna Brnabić
6%
CroatieAndrej Plenković
6%
NigeriaBola Tinubu
6%
ÉquateurDaniel Noboa
6%
LittuanieGitanas Nausėda
6%
NorvègeJonas Gahr Støre
6%
RoumanieKlaus Iohannis
6%
EswatiniMswati III
6%
LibanNajib Mikati
6%
ChypreNíkos Christodoulídis
6%
OugandaYoweri Museveni
6%
SoudanAbdel Fattah al-Burhan
4%
Nouvelle-ZélandeChristopher Luxon
4%
MoldavieDorin Recean
4%
ZimbabweEmmerson Mnangagwa
4%
NamibieHage Geingob
4%
SomalieHamza Abdi Barre
4%
CambodgeHun Manet
4%
ÉrythréeIsaias Afwerki
4%
Sierra LeoneJulius Maada Bio
4%
BolivieLuis Arce
4%
TchadMahamat Idriss Déby
4%
Émirats arabes unisMohammed ben Zayed Al Nahyane
4%
IrakMohammed Chia al-Soudani
4%
GhanaNana Akufo-Addo
4%
Sainte-LuciePhilip Pierre
4%
GéorgieSalomé Zourabichvili
4%
BangladeshSheikh Hasina
4%
SuèdeUlf Kristersson
4%
SuisseViola Amherd
4%
Bosnie-HérzégovineŽeljko Komšić
4%
GambieAdama Barrow
2%
MalaisieAnwar Ibrahim
2%
HaïtiAriel Henry
2%
MaliAssimi Goïta
2%
PérouDina Boluarte
2%
TadjikistanEmomali Rahmon
2%
BurundiÉvariste Ndayishimiye
2%
MozambiqueFilipe Nyusi
2%
ZambieHakainde Hichilema
2%
DjiboutiIsmaïl Omar Guelleh
2%
KazakstanKassym-Jomart Tokaïev
2%
IslandeKatrín Jakobsdóttir
2%
Trinité-et-TobagoKeith Rowley
2%
MalawiLazarus Chakwera
2%
GuinéeMamadi Doumbouya
2%
MonténégroMilojko Spajić
2%
BotswanaMokgweetsi Masisi
2%
BirmanieMyint Swe
2%
BulgarieNikolaï Denkov
2%
Antigua-et-BarbudaRodney Williams
2%
KirghizistanSadyr Japarov
2%
Soudan du SudSalva Kiir
2%
TanzanieSamia Suluhu
2%
OuzbékistanShavkat Mirziyoyev
2%
LibyeAbdel Hamid Dbeibah
0%
NigerAbdourahamane Tchiani
0%
GuatemalaAlejandro Giammattei
0%
JamaïqueAndrew Holness
0%
PakistanAnwar ul-Haq Kakar
0%
ComoresAzali Assoumani
0%
GabonBrice Oligui Nguema
0%
Sao Tomé-et-PrincipeCarlos Vila Nova
0%
SurinameChan Santokhi
0%
VanuatuCharlot Salwai
0%
NauruDavid Adeang
0%
GrenadeDickon Mitchell
0%
Macédoine du NordDimitar Kovačevski
0%
République CentrafriicaineFaustin-Archange Touadéra
0%
AfghanistanHaibatullah Akhundzada
0%
OmanHaïtham ben Tariq
0%
BahreïnHamed ben Issa Al Khalifa
0%
BruneiHassanal Bolkiah
0%
Îles MarshallHilda Heine
0%
Papouasie-Nouvelle-GuinéeJames Marape
0%
BhoutanJigme Khesar Wangchuck
0%
BelizeJohnny Briceño
0%
Cap-VertJosé Maria Neves
0%
Timor OrientalJosé Ramos-Horta
0%
TuvaluKausea Natano
0%
PanamaLaurentino Cortizo
0%
SingapourLee Hsien Loong
0%
République dominicaineLuis Abinader
0%
Iles SalomonManasseh Sogavare
0%
KoweïtMechaal al-Ahmad al-Jaber al-Sabah
0%
BarbadeMia Mottley
0%
MaldivesMohamed Muizzu
0%
MauritanieMohamed Ould Ghazouani
0%
SamoaNaomi Mata'afa
0%
VietnamNguyễn Phú Trọng
0%
BahamasPhilip Davis
0%
MauricePravind Jugnauth
0%
YémenRachad al-Alimi
0%
Saint-Vincent-et-les-GrenadinesRalph Gonsalves
0%
NépalRam Chandra Poudel
0%
Sri LankaRanil Wickremesinghe
0%
Costa RicaRodrigo Chaves Robles
0%
DominiqueRoosevelt Skerrit
0%
LesothoSam Matekane
0%
ParaguaySantiago Peña
0%
TurkménistanSerdar Berdimuhamedow
0%
TongaSiaosi Sovaleni
0%
FidjiSitiveni Rabuka
0%
ThaïlandeSrettha Thavisin
0%
PalaosSurangel Whipps Jr.
0%
KiribatiTaneti Maamau
0%
Saint-Christophe-et-NiévèsTerrance Drew
0%
LaosThongloun Sisoulith
0%
MongolieUkhnaagiin Khürelsükh
0%
Guinée-BissauUmaro Sissoco Embaló
0%
SeychellesWavel Ramkalawan
0%
États fédérés de MicronésieWesley Simina
0%

Distribution des résultats

Percentile par nombre de réponses

% des personnes avec chaque résultat

Votre développement - résultats

Vous n’avez pas pris ce quiz